El evangelio de Mateo: la mirada a Jesús crea el difícil consenso en una Iglesia plural
Збережено в:
| Автор: | |
|---|---|
| Формат: | Книга |
| Мова: | Іспанська |
| Опубліковано: |
Santander
Sal Terrae
2010
|
| Редагування: | 1a. ed |
| Серія: | Colección Pastoral, 93
|
| Предмети: | |
| Теги: |
Додати тег
Немає тегів, Будьте першим, хто поставить тег для цього запису!
|
MARC
| LEADER | 00000cam a2200000 a 4500 | ||
|---|---|---|---|
| 001 | UCD6944 | ||
| 003 | CL-VaPUC | ||
| 008 | 170303e20100000sp |||||||||||||||||spa|d | ||
| 020 | |a 9788429318941 | ||
| 082 | 0 | 4 | |a 226.2 |b RIE |2 21 |
| 100 | 0 | |a Riera i Figueras, Francesc |e author |9 590837 | |
| 245 | 1 | 3 | |a El evangelio de Mateo: la mirada a Jesús crea el difícil consenso en una Iglesia plural |
| 250 | |a 1a. ed | ||
| 300 | |a 190 p | ||
| 942 | |c BK | ||
| 945 | |d 20170303 17:35:00 |a dcastane | ||
| 260 | |a Santander |b Sal Terrae |c 2010 | ||
| 500 | |a Segunda parte: Jerusalén, misterio pascual, infancia. Mt 21,1 - 28,20; 1,1 - 2,23 | ||
| 650 | 0 | |a Nuevo testamento |9 257604 | |
| 650 | 0 | |a Evangelios |9 314864 | |
| 650 | 0 | |a Evangelio de San Mateo |9 584186 | |
| 583 | |a last modification |c 20170303 17:35:00 |k Rodrigo Vera | ||
| 490 | 0 | |a Colección Pastoral, 93 | |
| 999 | |c 367116 |d 367114 | ||
| 952 | |0 0 |1 0 |3 erb |4 0 |6 226_200000000000000_RIE_2010 |7 0 |8 A |9 481807 |a BIBTEO |b BIBTEO |i 5362679 |o 226.2 RIE 2010 |p 5362679 |r 2025-01-17 |w 2019-11-24 |y BK |z Catalogado en:20170303 |k ICR | ||